Podaj prawidłowy kraj o dowolnej długości nazwy - Statystyki

Ogólne statystyki
  • Ten quiz został rozwiązany 99 razy
  • Średni wynik to 8 z 10
Statystyki odpowiedzi
Length Odpowiedź # of Countries % Poprawnych
4 Cypr, Czad, Irak, Iran, Kuba, Laos, Mali, Oman, Peru, Togo 10
100%
6 Andora, Angola, Bahamy, Belize, Bhutan ... 34
99%
5 Benin, Chile, Chiny, Dania, Egipt ... 29
98%
7 Albania, Armenia, Austria, Bahrajn, Boliwia ... 33
93%
8 Algieria, Barbados, Białoruś, Botswana, Brazylia ... 30
92%
9 Argentyna, Australia, Chorwacja, Finlandia, Gwatemala ... 13
89%
10 Afganistan, Bangladesz, Czarnogóra, Dominikana, Kazachstan ... 12
88%
11 Azerbejdżan, Tadżykistan 2
46%
12 Turkmenistan 1
39%
13 Liechtenstein 1
19%
Nie znaleziono quizów pasujących do podanych kryteriów
Rozkład punktacji
Procent ludzi z każdym wynikiem
Percentyl według liczby udzielonych odpowiedzi
Twoja historia wyników
Nie rozwiązałeś tego quizu